000 00445 a2200193 4500
003 OSt
005 20230110150627.0
008 230110b ||||| |||| 00| 0 eng d
020 _a9789327269000
040 _cMU
082 _2CHA
100 _aCHANDNA, R.C.
245 _aREGIONAL PLANNING AND DEVELOPMENT
250 _a6TH
260 _aLUDHIANA
_bKALYANI PUBLISHERS
_c2021
300 _a398
600 _2GEOGRAPHY
942 _2ddc
_cBK
999 _c215328
_d215328